| 000 | 00645nam a2200229 a 4500 | ||
|---|---|---|---|
| 999 |
_c513 _d513 |
||
| 008 | 190909b ii ad||gd|||| 00| 0 eng d | ||
| 020 |
_a9788110003937 _cRs. 400.00 |
||
| 040 |
_aKO _beng |
||
| 041 | 0 | _aeng | |
| 044 | _aii | ||
| 082 | 0 | 4 |
_223 _a623.893 _bB4695 |
| 100 | 1 | _aBhatia, A. G. | |
| 245 | 1 | 0 |
_aModern Electronic Navigation Aids / _cA. G. Bhatia, S. K. Sinha |
| 250 | _a10th Rev. Ed. | ||
| 260 |
_aMumbai : _bLata Publications, _c2003 |
||
| 300 |
_a180 p. : _bcol. ill. ; _c28 cm. |
||
| 650 | 0 |
_aNavigation _vTextbooks |
|
| 650 | 0 |
_aElectronics in navigation _vTextbooks |
|
| 700 | 1 |
_aSinha, S. K. _eaut |
|
| 942 | _cBK | ||